| 000 | 00491nam a2200181Ia 4500 | ||
|---|---|---|---|
| 003 | OSt | ||
| 005 | 20200707122034.0 | ||
| 008 | 190216s9999||||xx |||||||||||||| ||und|| | ||
| 040 | _coclc | ||
| 082 |
_a956 _bKIR/S |
||
| 100 |
_aKirk, George E _93606 |
||
| 245 | 0 |
_aA Short History Of Middle East / _cGeorge E Kirk |
|
| 250 | _a6th Ed. | ||
| 260 |
_bSurjeet Pub, _c1980. _aDelhi: |
||
| 300 | _a340p | ||
| 650 | _aHistory | ||
| 942 |
_cBK _2ddc _h956 _iKIR/S _k956 _mKIR/S |
||
| 999 |
_c21027 _d21027 |
||